| 000 | 01704nam a22004091i 4500 | ||
|---|---|---|---|
| 001 | 36486 | ||
| 003 | BD-RjUL | ||
| 005 | 20211209052508.0 | ||
| 008 | 140624s1950 dcu s f000 0 eng d | ||
| 035 | _aBD-RjUL)36586 | ||
| 040 |
_aReadex _cReadex _beng _dBD-RjUL |
||
| 041 | _aeng | ||
| 082 |
_bSTA 1950 _a310.033816 |
||
| 110 | 1 |
_aUnited States. _bCongress. _bHouse. _9111111 |
|
| 245 | 1 | 0 | _aStatistical abstract of the United States 1950 / |
| 250 | _aSeventy First Ed | ||
| 260 |
_aWashington, DC : _c1950. |
||
| 300 |
_a1040 p. : _bill. ; _c21 cm. |
||
| 490 | 1 |
_aHouse document / 81st Congress, 2nd session. House ; _vno. 382 |
|
| 500 | _aTable of contents, p. VII. | ||
| 500 | _aList of maps and charts, p. XI. | ||
| 500 | _aList of tables by source, p. XII. | ||
| 500 | _aAppendices, p. 909. | ||
| 500 | _aIndex, p. 1002. | ||
| 540 | _aCopyright 2008 by NewsBank, Inc. All rights reserved. | ||
| 650 | 0 | 7 |
_aAgricultural production. _2Readex congressional thesaurus _9111079 |
| 650 | 0 | 7 |
_aPublic administration. _2Readex congressional thesaurus _9111080 |
| 655 | 7 |
_aAnnual Reports. _2Readex congressional thesaurus _917738 |
|
| 655 | 7 |
_aExecutive Department Publications. _2Readex congressional thesaurus _917739 |
|
| 830 | 0 |
_v81st Congress, no. 382 _9111112 |
|
| 710 | 1 |
_aUnited States. _bDept. of Commerce. _9111082 |
|
| 710 | 1 |
_aUnited States. _bDept. of Commerce. _bBureau of the Census (1913-1972) _9111083 |
|
| 830 | 0 |
_aHouse document (United States. Congress. House) ; _917744 |
|
| 856 | 4 | 0 |
_uhttp://www.columbia.edu/cgi-bin/cul/resolve?clio7266975 _zClick here for full text. |
| 942 |
_2ddc _cBK |
||
| 999 |
_c36486 _d36486 |
||